History of the Khaljis, A.D. 1290-1320. / (Record no. 84510)
[ view plain ]
| 000 -LEADER | |
|---|---|
| fixed length control field | 00770cam a2200229 4500 |
| 001 - CONTROL NUMBER | |
| control field | 84510 |
| 003 - CONTROL NUMBER IDENTIFIER | |
| rucl marc code | BD-RjUL |
| 005 - DATE AND TIME OF LATEST TRANSACTION | |
| control field | 20241210121844.0 |
| 008 - FIXED-LENGTH DATA ELEMENTS--GENERAL INFORMATION | |
| fixed length control field | 241207s1967 enkabfj b 001 0 eng |
| 035 ## - SYSTEM CONTROL NUMBER | |
| System control number | (BD-RjUL)84510 |
| 040 ## - CATALOGING SOURCE | |
| Original cataloging agency | DLC |
| Transcribing agency | DLC |
| Modifying agency | DLC |
| Language of cataloging | eng |
| 041 ## - LANGUAGE CODE | |
| Language code of text/sound track or separate title | eng |
| 082 00 - DEWEY DECIMAL CLASSIFICATION NUMBER | |
| Classification number | 954/.023 |
| Edition number | 23 |
| Author mark and year | LAH 1967 |
| 100 1# - MAIN ENTRY--PERSONAL NAME | |
| Personal name | Lal, Kishori Saran, |
| Dates associated with a name | 1920- |
| 9 (RLIN) | 14644 |
| 245 10 - TITLE STATEMENT | |
| Title | History of the Khaljis, A.D. 1290-1320. / |
| Statement of responsibility, etc. | Kishori Saran Lal |
| 260 ## - PUBLICATION, DISTRIBUTION, ETC. (IMPRINT) | |
| Place of publication, distribution, etc. | London, |
| Name of publisher, distributor, etc. | Asia Publishing House, |
| Date of publication, distribution, etc. | 1967 |
| 300 ## - PHYSICAL DESCRIPTION | |
| Pagination | xv, 388 p. |
| Illustrations | 2 plates, 1 illus., geneal. table, 2 maps. |
| Size | 22 cm. |
| 350 ## - PRICE (NR) (BK AM CF MU VM SE) [OBSOLETE] | |
| Price | 50/- |
| 504 ## - BIBLIOGRAPHY, ETC. NOTE | |
| Bibliography, etc | Bibliography: p. 373-378. |
| 600 30 - SUBJECT ADDED ENTRY--PERSONAL NAME | |
| Personal name | Khilji dynasty. |
| 942 ## - ADDED ENTRY ELEMENTS (KOHA) | |
| Source of classification or shelving scheme | Dewey Decimal Classification |
| Koha item type | Books |
| Lost status | Source of classification or shelving scheme | Damaged status | Not for loan | Collection code | Permanent Location | Current Location | Shelving location | Date acquired | Source of acquisition | Full call number | Date last seen | Copy number | Koha item type |
|---|---|---|---|---|---|---|---|---|---|---|---|---|---|
| Dewey Decimal Classification | Not For Loan | Non-fiction | Central Library, University of Rajshahi | Central Library, University of Rajshahi | Reading Room | 10/12/2024 | Sadek book Dipo, Dhaka | 954 .0234 LAH 1967 | 10/12/2024 | C-1 | Books |